| Tag |
First Indicator |
Second Indicator |
Subfields |
| LEADER |
00000cam a2200000 a 4500 |
| 001 |
in00000077672 |
| 005 |
20151008053819.0 |
| 008 |
800213s1977 xx a bc 00010 engm |
| 010 |
|
|
|a 79115187
|
| 035 |
|
|
|a (OCoLC)06088180
|
| 035 |
|
|
|9 AAH8729AM
|
| 040 |
|
|
|a DLC
|c DLC
|d m.c.
|d TXA
|d UtOrBLW
|
| 049 |
|
|
|a TXAM
|c [1387230]
|
| 050 |
0 |
0 |
|a N6537.B24
|b A4 1977
|
| 082 |
0 |
|
|a 709/.2/4
|
| 100 |
1 |
|
|a Van der Marck, Jan,
|d 1929-2010.
|
| 245 |
1 |
0 |
|a Herbert Bayer, from type to landscape :
|b designs, projects, & proposals, 1923-73 : an exhibition organized by the Dartmouth College Museum and Galleries and circulated by the American Federation of Arts, 1977-78, Hopkins Center, Hanover, New Hampshire, January 21 - February 27, 1977 /
|c text by Jan Van der Marck.
|
| 264 |
|
1 |
|a [Place of publication not identified] :
|b [publisher not identified],
|c 1977
|
| 264 |
|
3 |
|a Boston :
|b Nimrod Press
|
| 300 |
|
|
|a 55 pages :
|b illustrations (some color) ;
|c 31 cm.
|
| 336 |
|
|
|a text
|b txt
|2 rdacontent
|
| 337 |
|
|
|a unmediated
|b n
|2 rdamedia
|
| 338 |
|
|
|a volume
|b nc
|2 rdacarrier
|
| 504 |
|
|
|a Bibliography: page 54.
|
| 600 |
1 |
0 |
|a Bayer, Herbert,
|d 1900-1985
|x Exhibitions.
|
| 710 |
2 |
|
|a Dartmouth College.
|b Museum.
|
| 710 |
2 |
|
|a Hopkins Center.
|b Art Galleries.
|
| 710 |
2 |
|
|a Hopkins Center.
|
| 999 |
|
|
|a MARS
|
| 999 |
f |
f |
|s b3362172-e92d-30bc-b8e0-b953280860ff
|i 3c9f72c2-463c-3833-83a7-aaf81d4a3841
|t 0
|
| 952 |
f |
f |
|p normal
|a Texas A&M University
|b College Station
|c Sterling C. Evans Library
|d Evans: Library Stacks
|t 0
|e N6537.B24 A4 1977
|h Library of Congress classification
|i unmediated -- volume
|m A14806166380
|
| 998 |
f |
f |
|a N6537.B24 A4 1977
|t 0
|l Evans: Library Stacks
|